000 00655nam a2200241Ia 4500
003 OSt
005 20220918182044.0
006 a|||||r|||| 00| 0
007 ta
008 220917b |||||||| |||| 00| 0 eng d
024 _a30,256
037 _cTextual
040 _aARTS
_cARTS
_beng
041 _2eng
_aeng
082 _aO111,1M40:g, L6;2 (EO)
100 _aPinion F B
245 0 _aCommentary on the poems of Thomas Hardy
260 _aLondon
_bMacmillan UK
_c1976
300 _axvi,282p.
_ccm.
650 _aENGLISH LITERATURE
942 _hO111,1M40:g, L6;2 (EO)
_cTEXL
_2CC
999 _c167691
_d167691